| 000 | 01350nam a22004697a 4500 | ||
|---|---|---|---|
| 005 | 20250609151453.0 | ||
| 008 | 150303b2014 xxu||||| |||| 00| 0 ES d | ||
| 020 | _a9786074483819 | ||
| 041 | _aESP | ||
| 082 | _a614.1 G753m3 | ||
| 100 |
_aGrandini Gonzalez, Javier _944226 |
||
| 100 |
_aCarriedo Rico, Carlos _946810 |
||
| 100 | _aGómez García, María del Consuelo | ||
| 100 |
_aMuñiz Garibay, Roberto _946812 |
||
| 100 |
_aNicolini Sánchez, Humberto _946813 |
||
| 100 |
_aTakajashi Medina, Felipe Edmundo _946814 |
||
| 245 | _aMedicina forense | ||
| 250 | _a3 edición | ||
| 260 | _aMéxico | ||
| 260 | _bManual Moderno | ||
| 260 | _c2014 | ||
| 300 | _a252 páginas | ||
| 490 | _aInvestigación Criminal | ||
| 650 | _aMEDICINA LEGAL | ||
| 650 | _aTANATOLOGÍA | ||
| 650 | _aTRAUMATOLOGÍA FORENSE | ||
| 650 | _aABORTO | ||
| 650 | _aSÍNDROME DEL NIÑO MALTRATADO | ||
| 650 | _aPSIQUIATRÍA FORENSE | ||
| 650 | _aTOXICOLOGÍA FORENSE | ||
| 650 | _aMEDICINA FORENSE | ||
| 650 | _aTRAUMATOLOGÍA FORENSE | ||
| 650 | _aPERFIL DEL MÉDICO FORENSE | ||
| 650 | _aASFIXIOLOGÍA | ||
| 650 | _aSEXOLOGÍA FORENSE | ||
| 650 | _aEMBARAZO NO DESEADO | ||
| 650 | _aHOMICIDIO DEL RECIÉN NACIDO | ||
| 650 | _aINFANTICIDIO | ||
| 650 | _aODONTOLOGÍA FORENSE | ||
| 650 | _aGENÉTICA FORENSE | ||
| 942 |
_cBK _2ddc |
||
| 999 |
_c10575 _d10575 |
||